000 01057nam a2200301 i 4500
001 bg
003 BPK
005 20230127122027.0
008 020215s1977 pl a f f |001 0 pol
015 _aPB 1977/6735
040 _aWA N
_cBPK
041 0 _apol
080 _a621.3
080 _a(075.8+076)
100 1 _aHildebrandt, Andrzej
_c(telekomunikacja)
_eAutor
245 1 0 _aTeoria obwodów w zadaniach /
_cAndrzej Hildebrandt, Henryk Sołtysik, Andrzej Zieliński.
250 _aWyd. 2.
260 _aWarszawa :
_bWydawnictwa Naukowo-Techniczne,
_c1977.
300 _a424 s. :
_bil., tab., wykr. ;
_c24 cm.
504 _aBibliogr. Indeks.
655 4 _aĆwiczenia i zadania dla szkół wyższych
650 4 _aObwód elektryczny
700 1 _aSołtysik, Henryk.
710 2 _aWydawnictwa Naukowo-Techniczne
_4pbl.
700 1 _aZieliński, Andrzej
_c(elektronika)
_eAutor
856 _uhttp://koha.tu.koszalin.pl/cgi-bin/koha/opac-detail.pl?biblionumber=27583
_yKatalog online BPK
942 _2UKD
_cKS
999 _c27583
_d27583